000 00455cam a2200181ua 4500
020 _c1.00
041 _ahin
_h
082 _a891.54
_bCHA/HI
100 _aChandrakanth Bali, Shastri .
245 _aHindi-gadya: Vikas aur vimarsh /
_cShastri Chantrakant Bali.
_hTextual Documents
250 _a1 /
_b.
260 _a :
_bAtmaram and Sons ,
_c1955.
300 _a120 ; .
365 _a1.00
504 _a
942 _cBK
999 _c8025
_d8025